Дело по приказанию министра внутренних дел об означении местопребывания, состояния и лет родителя при единовременной выдаче в по...

Доступно только в Электронных читальных залах Найти на картеНа карте
RUSMARC
00003556nmc2a2200000 x 450
001fd22b350-21e9-4321-b50a-231d876cc80b
00520160621145419.0
100##$a20151012l18301830k l0rusy0189 ca
1010#$arus
102##$aRU
2001#$aДело по приказанию министра внутренних дел об означении местопребывания, состояния и лет родителя при единовременной выдаче в пособие чиновникам
$j29 января 1830 г.
251##$cДело
300##$aДело
801#0$aRU
$bРГИА
$c20151012
$gRCR
801#1$aRU
$bГлавНИВЦ
$c20151012
$2rusmarc
801#2$aRU
$bПБ им. Б.Н. Ельцина
$c20160621
$gRCR
$2rusmarc
850##$aРГИА
852##$aРГИА
$eФедеральное казенное учреждение "Российский государственный исторический архив" (РГИА)
$j653
937##$hРГИА
$d12172630
$aASBIBLIO_SCAN
461#0$10013e300ed0-cd39-49af-8489-5ba5b90fa401
$12001
$aДепартамент полиции исполнительной МВД
$1251
$cФонд
$1852
$j1286
215##$a4 л.
$d36,5х26 ссм
371##$aДокумент не является опубликованным и широко распространяемым
1220#$ad
105##$ay###
462#0$100100aa35af-4d9c-4c15-add6-f4c7b29d26b9
$12001
$a1830-1834 гг. Дела Департамента полиции исполнительной МВД за 1830 г.
$1251
$cОпись
$1852
$j5
035##$afd22b350-21e9-4321-b50a-231d876cc80b
Формат отображения